000 01094cad a22002415a 4500
001 L151334
008 101022e20101022xxkd f s 000 0 eng d
035 _a(Sirsi) u151334
041 0 _aeng
050 0 4 _a333.33 $2 18
110 2 _aRoyal Institution of Chartered Surveyors
_bEconomics
_95033
245 0 0 _aRICS global real estate weekly
_b22 October 2010
_h[electronic resource]
260 _aLondon
_bRICS
_c2010
490 0 _aRICS Global Real Estate Weekly
_v22 October 2010
520 _aFrench homebuilding sector outlook becoming more uncertain. US housing sector begins long road to recovery. Some signs of improvement show in Japanese housing. Hong Kong mortgage market braced for cooling measures.
590 _aKA
650 2 4 _aRICS GLOBAL REAL ESTATE WEEKLY
651 4 _aInternational
690 _aBUILT ENVIRONMENT-CONSTRUCTION MARKET
690 _aPROPERTY-RESIDENTIAL PROPERTY-RESIDENTIAL PROPERTY MARKET
856 4 0 _uhttps://www.rics.org/site/download_feed.aspx?fileID=7663&fileExtension=PDF
_zView the report free of charge (PDF file) at www.rics.org
942 _n0
999 _c111298
_d111298